Humerus Elements - Statistics

General Stats
  • This quiz has been taken 92 times
  • The average score is 6 of 10
Answer Stats
Hint Answer % Correct
J Head
89%
A Greater tubercle
82%
B Deltoid tuberosity
79%
I Lateral epicondyle
75%
C Lesser tubercle
75%
E Medial epicondyle
71%
H Capitulum
57%
F Olecranon fossa
54%
G Trochlea
54%
D Bicipital groove
11%
No matching quizzes found
Score Distribution
Percent of People with Each Score
Percentile by Number Answered
Your Score History
You have not taken this quiz